[Event "BL 8788 Wattenscheid-Bayern"]
[Site "?"]
[Date "1988.??.??"]
[Round "?.6"]
[White "Hirsch, S."]
[Black "Stangl, M."]
[Result "0-1"]
[WhiteElo "2240"]
[BlackElo "2375"]
[PlyCount "101"]
[EventDate "1988.??.??"]

1. e4 c5 2. Nf3 d6 3. d4 cxd4 4. Nxd4 Nf6 5. Nc3 a6 6. Bg5 e6 7. f4 b5 8. Bd3
Nbd7 9. Qd2 Bb7 10. O-O-O Qb6 11. Nb3 Be7 12. Rhe1 h6 13. Bh4 Nxe4 14. Bxe4
Bxh4 15. g3 Be7 16. Qg2 Bxe4 17. Qxe4 O-O 18. Nd5 exd5 19. Qxe7 Nf6 20. Qe3 Qc7
21. Qd3 Rfe8 22. Nd4 Rxe1 23. Rxe1 Qa5 24. Qc3 Qxa2 25. Nf5 Qc4 26. Qf3 Kh7 27.
Qd3 Re8 28. Rxe8 Qxd3 29. Rh8+ Kxh8 30. cxd3 Kg8 31. Kc2 Ng4 32. h4 g6 33. Ne7+
Kf8 34. Nxd5 Ke8 35. Nc7+ Kd7 36. Nxa6 Ne3+ 37. Kc3 Nf5 38. g4 Nxh4 39. Kd4 f5
40. gxf5 Nxf5+ 41. Ke4 h5 42. Nb4 Kc7 43. Nd5+ Kc6 44. Nf6 h4 45. b4 h3 46. Ng4
Kd7 47. Nf6+ Ke6 48. Ng4 d5+ 49. Kf3 Nd4+ 50. Kg3 Nc6 51. Kxh3 {Abgabezug} 0-1

[Event "BL 8788 HSV-Porz"]
[Site "?"]
[Date "1988.??.??"]
[Round "?.3"]
[White "Schoen, W."]
[Black "Wahls, M."]
[Result "0-1"]
[WhiteElo "2445"]
[BlackElo "2435"]
[PlyCount "116"]
[EventDate "1988.??.??"]

1. d4 Nf6 2. c4 e6 3. Nc3 Bb4 4. e3 b6 5. Bd3 Bb7 6. Nf3 Ne4 7. O-O Bxc3 8.
bxc3 f5 9. Ba3 d6 10. d5 exd5 11. Nd4 dxc4 12. Bxc4 Qg5 13. Ne6 Qe7 14. f3 Ng5
15. e4 fxe4 16. Nxg5 Qxg5 17. fxe4 Nd7 18. Bf7+ Ke7 19. Qb3 Raf8 20. Bc1 Qe5
21. Bf4 Qc5+ 22. Kh1 Rxf7 23. Bxd6+ cxd6 24. Rxf7+ Kd8 25. Qe6 Bc6 26. Qe7+ Kc7
27. Rf5 Qxc3 28. Rd1 Qb4 29. h3 Qxe4 30. Qxd6+ Kb7 31. Rg5 g6 32. Rg4 Qe3 33.
Rg3 Qe5 34. Qxe5 Nxe5 35. Re3 Nc4 36. Re7+ Kb8 37. Rf1 Nd6 38. Rf6 Nf5 39. Ref7
Bd5 40. Rd7 Bxa2 41. g4 Ng3+ 42. Kh2 Ne4 43. Rf4 Nc5 44. Re7 h5 45. gxh5 gxh5
46. Rf5 Bb1 47. Rg5 Ba2 48. Rgg7 a5 49. Rg6 Be6 50. Rg5 Bc4 51. Rg2 {Abgabezug}
a4 52. Rd2 b5 53. Rd6 a3 54. Rb6+ Ka8 55. Rc6 a2 56. Re1 Nd3 57. Rg1 Nb4 58.
Rd6 Nc2 0-1

[Event "BL 8788 HSV-Porz"]
[Site "?"]
[Date "1988.??.??"]
[Round "?.4"]
[White "Stein, B."]
[Black "Fleck, J."]
[Result "1/2-1/2"]
[WhiteElo "2360"]
[BlackElo "2385"]
[PlyCount "21"]
[EventDate "1988.??.??"]

1. b3 f5 2. Bb2 Nf6 3. c4 g6 4. Nf3 Bg7 5. e3 O-O 6. Be2 d6 7. d4 Ne4 8. O-O
Nc6 9. Nbd2 Nxd2 10. Qxd2 e5 11. dxe5 1/2-1/2

[Event "BL 8788 HSV-Porz"]
[Site "?"]
[Date "1988.??.??"]
[Round "?.5"]
[White "Schulz, K."]
[Black "Wegner, H."]
[Result "1-0"]
[WhiteElo "2405"]
[BlackElo "2370"]
[PlyCount "99"]
[EventDate "1988.??.??"]

1. e4 e5 2. Nf3 Nc6 3. Bb5 a6 4. Ba4 Nf6 5. d4 exd4 6. O-O Be7 7. Re1 b5 8. Bb3
d6 9. Bd5 Bb7 10. Nxd4 Nxd5 11. Nxc6 Bxc6 12. exd5 Bb7 13. Bg5 f6 14. Be3 O-O
15. c4 bxc4 16. Qd4 f5 17. Qxc4 Bf6 18. Nc3 Qd7 19. Bd4 Bxd4 20. Qxd4 Rfe8 21.
Qc4 Rxe1+ 22. Rxe1 Re8 23. Kf1 Rxe1+ 24. Kxe1 Kf8 25. Kd2 h6 26. g3 Ke8 27. Qb3
Ba8 28. f4 Kd8 29. Qc4 Bb7 30. Qd3 Qf7 31. b4 g5 32. Qd4 gxf4 33. gxf4 Qg6 34.
Kd3 Kd7 35. Qh8 h5 36. Qf8 h4 37. Kc4 Qg4 38. Qf7+ Kd8 39. Qf6+ Kd7 40. Qe6+
Kd8 41. Ne2 Bc8 42. Qf6+ Kd7 43. Nd4 Qxf4 44. Kb3 Qe3+ 45. Ka4 Ke8 46. Nc6 Bb7
47. Qd8+ Kf7 {In der Partie folgte zunächst 47....Kf8 ???, was zunächst im
Eifer des Gefechts niemandem auffiel. Nach der Rekonstruktion wurde die Partie
wie in der Folger fortgesetzt.} 48. Qxc7+ Kf6 49. Qxd6+ Kg5 50. Ne5 {Nun
folgte laut beiden Notationen 50....f4 51.Dg6+ Kf4 52.Sd3+ 1-0. Laut Hannu
Wegners Mitschrift war in der ersten Zeitnotphase nach dem unmöglichen Zug der
Vorstoß ...f5-f4 geschehen. Evtl. wurde die Partie mit falscher Stellung neu}
1-0

[Event "BL 8788 HSV-Porz"]
[Site "?"]
[Date "1988.??.??"]
[Round "?.6"]
[White "Reefschlaeger, H."]
[Black "Heinbuch, D."]
[Result "1-0"]
[WhiteElo "2340"]
[BlackElo "2380"]
[PlyCount "99"]
[EventDate "1988.??.??"]

1. d4 d5 2. c4 dxc4 3. e4 c5 4. d5 e6 5. Bxc4 Nf6 6. Nc3 exd5 7. Nxd5 Nxd5 8.
Bxd5 Be7 9. Ne2 O-O 10. O-O Qb6 11. Rb1 Nd7 12. Be3 Nf6 13. b4 Nxd5 14. exd5
Qc7 15. bxc5 Bxc5 16. Rc1 b6 17. Bxc5 bxc5 18. Nd4 Qb6 19. Nc6 Bd7 20. Ne7+ Kh8
21. Re1 Bb5 22. Rc3 Rae8 23. Qc2 Bd7 24. Rce3 Qd6 25. Qc3 f6 26. Qc4 g6 27. h4
Kg7 28. h5 Rf7 29. Nf5+ gxf5 30. Rxe8 Bxe8 31. Rxe8 Re7 32. Rxe7+ Qxe7 33. Kf1
Qd6 34. Qd3 f4 35. g3 Kh6 36. g4 c4 37. Qxc4 Kg5 38. Qe4 Qa6+ 39. Kg2 Qxa2 40.
Kh3 Qa3+ 41. f3 Qa1 42. Qf5+ Kh6 43. Qxf4+ Kg7 44. Qe3 Kf8 45. d6 Qe5 46. Qxe5
fxe5 47. g5 a5 48. g6 hxg6 49. hxg6 a4 50. d7 1-0

[Event "BL 8788 HSV-Porz"]
[Site "?"]
[Date "1988.??.??"]
[Round "?.7"]
[White "Gerusel, M."]
[Black "Maus, So"]
[Result "1/2-1/2"]
[WhiteElo "2380"]
[BlackElo "2375"]
[PlyCount "124"]
[EventDate "1988.??.??"]

1. Nf3 Nf6 2. g3 b6 3. Bg2 Bb7 4. O-O e6 5. b3 d5 6. Bb2 Nbd7 7. d3 Bc5 8. Nbd2
O-O 9. e4 dxe4 10. Ng5 Rb8 11. Ngxe4 Be7 12. f4 c5 13. Qe2 b5 14. c4 a6 15. h3
Qb6 16. Kh2 Rbe8 17. Rac1 b4 18. Qe3 Nxe4 19. Nxe4 f5 20. Nd2 Bxg2 21. Kxg2 Bd6
22. Nf3 Re7 23. Rce1 Rfe8 24. Rf2 Qc6 25. Kh2 Qc7 26. Rfe2 h6 27. Qf2 e5 28.
fxe5 Nxe5 29. Bxe5 Bxe5 30. Nxe5 Rxe5 31. Rxe5 Rxe5 32. Qf4 Re7 33. Qxc7 Rxc7
34. Re6 Rd7 35. Rxa6 Rxd3 36. Ra5 Rd2+ 37. Kg1 Kf7 38. Rxc5 Kf6 39. Rb5 Rxa2
40. Rxb4 Rc2 41. Rb5 g5 42. Kf1 h5 43. h4 g4 44. Kg1 Rc3 45. Kf2 Rf3+ 46. Kg2
Rc3 47. c5 Ke5 48. c6+ Ke4 49. Rb4+ Ke3 50. Rc4 Rxb3 51. Rc2 Rb8 52. c7 Rc8 53.
Rc4 Kd3 54. Rc1 Ke3 55. Re1+ Kd3 56. Re7 Kd4 57. Kf2 Kd5 58. Rh7 Ke4 59. Rf7
Kd4 60. Re7 Kd5 61. Rh7 Ke4 62. Re7+ Kd5 1/2-1/2

[Event "BL 8788 Kreuzberg-Wattenscheid"]
[Site "?"]
[Date "1988.??.??"]
[Round "?.2"]
[White "Levitt, J."]
[Black "Sandkamp, R."]
[Result "1-0"]
[WhiteElo "2455"]
[BlackElo "2250"]
[PlyCount "61"]
[EventDate "1988.??.??"]

1. d4 Nf6 2. c4 c5 3. d5 g6 4. Nc3 Bg7 5. e4 d6 6. Bd3 O-O 7. Nge2 e6 8. h3
exd5 9. exd5 Nbd7 10. f4 Nh5 11. g4 Qh4+ 12. Kd2 Nhf6 13. Kc2 a6 14. a4 Rb8 15.
Qe1 Qxe1 16. Rxe1 Ne8 17. Bd2 Nc7 18. a5 b5 19. axb6 Nxb6 20. Ng3 f5 21. gxf5
Bxf5 22. Nxf5 gxf5 23. Re7 Rf7 24. Rxf7 Kxf7 25. b3 Kf6 26. Ne2 Bh6 27. Rg1 Re8
28. Ng3 Ncxd5 29. cxd5 Nxd5 30. Nh5+ Ke7 31. Re1+ 1-0

[Event "BL 8788 Kreuzberg-Wattenscheid"]
[Site "?"]
[Date "1988.??.??"]
[Round "?.6"]
[White "Grzesik, T."]
[Black "Hirsch, S."]
[Result "1/2-1/2"]
[WhiteElo "2300"]
[BlackElo "2240"]
[PlyCount "90"]
[EventDate "1988.??.??"]

1. e4 e5 2. Nf3 Nc6 3. Bb5 g6 4. c3 a6 5. Ba4 d6 6. d4 Bd7 7. O-O Bg7 8. dxe5
dxe5 9. Bg5 Nce7 10. Bxd7+ Qxd7 11. Qxd7+ Kxd7 12. Nbd2 f6 13. Be3 Nh6 14. a4
Nf7 15. Nb3 Rhe8 16. Nfd2 Nc6 17. Nc5+ Kc8 18. a5 Bf8 19. Nc4 Nd6 20. Nxd6+
Bxd6 21. Nb3 Nd8 22. f4 Nf7 23. Rae1 Kd7 24. fxe5 Nxe5 25. Rxf6 Re7 26. Bg5 Nd3
27. Re2 Re5 28. h4 Rae8 29. Rd2 Nc5 30. Nxc5+ Rxc5 31. Bf4 Re6 32. Rf7+ Re7 33.
Rxe7+ Kxe7 34. Bxd6+ cxd6 35. Rd5 Rc4 36. Rd4 Rc5 37. Rb4 Rxa5 38. Rxb7+ Kf6
39. Rxh7 Rb5 40. b4 a5 41. bxa5 Rxa5 42. Rc7 Ke5 43. Re7+ Kf6 44. Rc7 Ke5 45.
Re7+ Kf6 1/2-1/2

[Event "BL 8788 Porz-Kreuzberg"]
[Site "?"]
[Date "1988.??.??"]
[Round "?.1"]
[White "Lehmann, K."]
[Black "Hort, V."]
[Result "0-1"]
[WhiteElo "2315"]
[BlackElo "2570"]
[PlyCount "82"]
[EventDate "1988.??.??"]

1. e4 c5 2. c3 e6 3. d4 d5 4. exd5 exd5 5. Nf3 Nc6 6. Be2 c4 7. b3 cxb3 8. axb3
Bd6 9. Na3 Nf6 10. Bg5 h6 11. Bh4 g5 12. Bg3 Ne4 13. Nb5 Bxg3 14. hxg3 a6 15.
Nd2 Bf5 16. Nxe4 Bxe4 17. f3 Bg6 18. Na3 Kf8 19. Kf2 Rc8 20. Bd3 Kg7 21. Bxg6
fxg6 22. Qd3 Qc7 23. Rhe1 Rhe8 24. Rac1 Ne7 25. g4 Ng8 26. Nc2 Rxe1 27. Nxe1
Nf6 28. g3 h5 29. Qe3 hxg4 30. Qxg5 gxf3 31. Kxf3 Ne4 32. Qe5+ Qxe5 33. dxe5
Nd2+ 34. Ke3 Nxb3 35. Rc2 b5 36. Kd3 Rc4 37. Nf3 Nc5+ 38. Ke3 b4 39. Rf2 Re4+
40. Kd2 bxc3+ 41. Kxc3 Rc4+ 0-1

[Event "BL 8788 Porz-Kreuzberg"]
[Site "?"]
[Date "1988.??.??"]
[Round "?.2"]
[White "Christiansen, L."]
[Black "Levitt, J."]
[Result "1/2-1/2"]
[WhiteElo "2575"]
[BlackElo "2455"]
[PlyCount "106"]
[EventDate "1988.??.??"]

1. d4 Nf6 2. c4 e6 3. Nc3 Bb4 4. e3 b6 5. Nge2 Ba6 6. a3 Be7 7. Nf4 d5 8. b3
O-O 9. Bd3 Bd6 10. Nh5 Nbd7 11. Bb2 dxc4 12. bxc4 c5 13. Ne4 Be7 14. dxc5 Nxh5
15. Qxh5 f5 16. c6 Ne5 17. Bxe5 Qxd3 18. Nd2 Bxc4 19. Nxc4 Qxc4 20. Qe2 Qd5 21.
Qb2 Qxg2 22. Rf1 Rac8 23. c7 Bf6 24. Rc1 Bxe5 25. Qxe5 Qd5 26. Qxd5 exd5 27.
Ke2 Rf7 28. Rfd1 Rfxc7 29. Rxc7 Rxc7 30. Rxd5 g6 31. Rd8+ Kf7 32. h4 Ke6 33.
Ra8 Kd5 34. Kd3 Kc5 35. Kc3 Kb5+ 36. Kb3 Rd7 37. a4+ Ka5 38. h5 a6 39. hxg6
hxg6 40. Kc4 Rd2 41. f4 Ra2 42. Rg8 Rxa4+ 43. Kd3 Ra3+ 44. Kd4 Ra4+ 45. Kd3 Ra1
46. Rxg6 Rd1+ 47. Kc3 Rd5 48. e4 Rc5+ 49. Kd4 fxe4 50. Kxe4 Kb5 51. f5 a5 52.
f6 Rc8 53. f7 Rf8 1/2-1/2

[Event "BL 8788 Porz-Kreuzberg"]
[Site "?"]
[Date "1988.??.??"]
[Round "?.3"]
[White "Conquest, S."]
[Black "Schoen, W."]
[Result "1-0"]
[WhiteElo "2395"]
[BlackElo "2445"]
[PlyCount "74"]
[EventDate "1988.??.??"]

1. d4 Nf6 2. c4 e5 3. dxe5 Ng4 4. e3 Nxe5 5. Nc3 Nbc6 6. Nh3 Bc5 7. Nf4 d6 8.
Be2 O-O 9. O-O a5 10. b3 Re8 11. Bb2 Bf5 12. Qd2 Qh4 13. Ncd5 Rac8 14. a3 Ba7
15. Qc3 Nd8 16. Qxa5 Bb8 17. Qd2 Ne6 18. Nxe6 Rxe6 19. Qd4 Qh6 20. Rad1 c6 21.
Nf4 Re7 22. Nh5 f6 23. Ng3 Be6 24. f4 Nf7 25. Kh1 b5 26. cxb5 c5 27. Qd3 d5 28.
Nf5 Bxf5 29. Qxf5 Rf8 30. Qxd5 Rxe3 31. Bc4 g5 32. Qf5 Bxf4 33. h3 Kg7 34. Rd7
Be5 35. Bxf7 Bxb2 36. Bg6+ Kg8 37. Rxh7 Re5 1-0

[Event "BL 8788 Porz-Kreuzberg"]
[Site "?"]
[Date "1988.??.??"]
[Round "?.4"]
[White "Fleck, J."]
[Black "Glienke, M."]
[Result "1-0"]
[WhiteElo "2385"]
[BlackElo "2305"]
[PlyCount "81"]
[EventDate "1988.??.??"]

1. e4 c5 2. Nf3 d6 3. d4 cxd4 4. Nxd4 Nf6 5. Nc3 g6 6. Be3 Bg7 7. f3 O-O 8. Bc4
Nc6 9. Qd2 Nxd4 10. Bxd4 Be6 11. Bb3 Qa5 12. O-O-O Rfc8 13. Kb1 b5 14. Rhe1
Bxb3 15. cxb3 a6 16. Bxf6 Bxf6 17. Nd5 Qxd2 18. Rxd2 Rc6 19. Nxf6+ exf6 20. Rc1
Rac8 21. Rxc6 Rxc6 22. Rc2 Rc5 23. Rxc5 dxc5 24. Kc2 Kf8 25. Kc3 Ke7 26. b4 Kd6
27. bxc5+ Kxc5 28. b4+ Kd6 29. Kd4 h5 30. h4 g5 31. g3 Ke6 32. f4 gxh4 33. gxh4
Kd6 34. f5 Kc6 35. e5 Kd7 36. exf6 Kd6 37. Ke4 Kc6 38. Ke5 Kd7 39. Kd5 Kc7 40.
Kc5 Kd7 41. Kb6 1-0

[Event "BL 8788 Porz-Kreuzberg"]
[Site "?"]
[Date "1988.??.??"]
[Round "?.5"]
[White "Grzesik, F."]
[Black "Schulz, K."]
[Result "1/2-1/2"]
[WhiteElo "2255"]
[BlackElo "2405"]
[PlyCount "30"]
[EventDate "1988.??.??"]

1. e4 c5 2. c3 d5 3. exd5 Qxd5 4. d4 e6 5. Nf3 Nf6 6. Bd3 Be7 7. Be3 cxd4 8.
cxd4 O-O 9. O-O Nc6 10. Nc3 Qh5 11. Ne5 Qxd1 12. Rfxd1 Nb4 13. Be2 Nfd5 14.
Rac1 f6 15. Nd3 Rd8 1/2-1/2

[Event "BL 8788 Porz-Kreuzberg"]
[Site "?"]
[Date "1988.??.??"]
[Round "?.6"]
[White "Heinbuch, D."]
[Black "Grzesik, T."]
[Result "1-0"]
[WhiteElo "2380"]
[BlackElo "2300"]
[PlyCount "93"]
[EventDate "1988.??.??"]

1. d4 Nf6 2. c4 c6 3. Nc3 d5 4. cxd5 cxd5 5. Nf3 Nc6 6. Bf4 e6 7. e3 Bd6 8. Bg3
a6 9. Rc1 Bxg3 10. hxg3 Qd6 11. Bd3 Bd7 12. Nd2 e5 13. dxe5 Nxe5 14. Nb3 Nxd3+
15. Qxd3 Rd8 16. Qd4 O-O 17. Qf4 Qxf4 18. gxf4 g6 19. Ke2 Rc8 20. Rhd1 Rfd8 21.
Rd4 Be6 22. Rcd1 Re8 23. f3 h5 24. Kf2 Re7 25. R1d2 Rec7 26. Nc1 Rc4 27. N1e2
Kf8 28. Ng3 b5 29. a3 R8c5 30. Nge2 Ke7 31. Na2 a5 32. Nec3 Bd7 33. Ke2 Rxd4
34. Rxd4 Bc6 35. Nc1 Rc4 36. Nb3 b4 37. axb4 axb4 38. Na2 Ba4 39. Nd2 Rxd4 40.
exd4 Bb5+ 41. Ke3 b3 42. Nxb3 Bc4 43. Nac1 Kd6 44. Nc5 h4 45. N1d3 Nh5 46. Ne5
f6 47. Nxg6 1-0

[Event "BL 8788 Porz-Kreuzberg"]
[Site "?"]
[Date "1988.??.??"]
[Round "?.7"]
[White "Konieczka, F."]
[Black "Gerusel, M."]
[Result "0-1"]
[WhiteElo "2235"]
[BlackElo "2380"]
[PlyCount "106"]
[EventDate "1988.??.??"]

1. e4 c5 2. Nf3 e6 3. d3 Nc6 4. g3 g6 5. Bg2 Bg7 6. O-O Nf6 7. Nc3 O-O 8. Bg5
h6 9. Be3 d6 10. h3 e5 11. Qd2 Kh7 12. Nh2 Nd4 13. g4 g5 14. Bxd4 cxd4 15. Ne2
Qb6 16. c3 Qa5 17. Nf3 dxc3 18. Nxc3 Be6 19. d4 Bc4 20. Rfc1 Rac8 21. d5 Rc7
22. b3 Ba6 23. Nd1 Qxd2 24. Nxd2 Rfc8 25. Rxc7 Rxc7 26. Ne3 Bd3 27. Bf1 Rc3 28.
Bxd3 Rxd3 29. Rd1 Nd7 30. Kf1 Nc5 31. Ke2 Rd4 32. f3 Nd3 33. Nf5 Nf4+ 34. Kf1
Rd3 35. Ke1 Bf8 36. Rc1 Nxh3 37. Rc8 Bg7 38. Nxd6 Ng1 39. Nxb7 Nxf3+ 40. Nxf3
Rxf3 41. Ke2 Rf4 42. Nc5 Rxg4 43. Rc7 Rf4 44. Rxa7 g4 45. b4 h5 46. Nd3 Rxe4+
47. Kf2 Rd4 48. Ke3 g3 49. Rxf7 g2 50. Kf2 Rxd3 51. Kxg2 Rxd5 52. a4 Rd2+ 53.
Kf3 h4 0-1

[Event "BL 8788 Wattenscheid-HSV"]
[Site "?"]
[Date "1988.??.??"]
[Round "?.2"]
[White "Sandkamp, R."]
[Black "Wahls, M."]
[Result "0-1"]
[WhiteElo "2250"]
[BlackElo "2435"]
[PlyCount "76"]
[EventDate "1988.??.??"]

1. e4 c5 2. Nf3 Nc6 3. Nc3 d6 4. g3 g6 5. Bg2 Bg7 6. O-O e6 7. d3 Nge7 8. Bg5
h6 9. Be3 Nd4 10. Qd2 Qa5 11. a3 Bd7 12. Rab1 Rc8 13. Ne1 b5 14. f4 b4 15. Nd1
Qa4 16. Ra1 f5 17. Rf2 a5 18. Nf3 O-O 19. Bxd4 cxd4 20. e5 dxe5 21. Nxe5 Bxe5
22. fxe5 Kg7 23. b3 Qb5 24. axb4 axb4 25. Ra7 Rfd8 26. Rb7 Qxe5 27. Re2 Qc5 28.
Qxb4 Rc7 29. Nb2 Qxb4 30. Rxb4 Bc6 31. Nc4 Nd5 32. Bxd5 Bxd5 33. Kf2 Kf6 34.
Rb6 Rc6 35. Re1 Ra8 36. Ke2 Ra2 37. Kd2 Rxb6 38. Nxb6 Bxb3 0-1

[Event "BL 8788 Wattenscheid-HSV"]
[Site "?"]
[Date "1988.??.??"]
[Round "?.6"]
[White "Hirsch, S."]
[Black "Maus, So"]
[Result "0-1"]
[WhiteElo "2240"]
[BlackElo "2375"]
[PlyCount "140"]
[EventDate "1988.??.??"]

1. e4 c5 2. Nf3 e6 3. d4 cxd4 4. Nxd4 Nf6 5. Nc3 d6 6. Bg5 Be7 7. Qd2 a6 8.
O-O-O b5 9. Bd3 Bb7 10. Rhe1 Nbd7 11. f4 b4 12. Na4 Qa5 13. b3 Nc5 14. a3 Nxd3+
15. Qxd3 O-O 16. Bxf6 Bxf6 17. Qd2 Qc7 18. Qxb4 Rac8 19. Qb6 Qe7 20. Kb1 g6 21.
Nb2 Rfd8 22. Nc4 e5 23. Na5 exd4 24. Qxb7 Rc7 25. Qb6 Rdc8 26. Nc4 Rc6 27. Qa5
Qb7 28. Qb4 Qc7 29. Ka2 a5 30. Qa4 Rc5 31. Rd3 Bg7 32. g3 h5 33. Re2 Kh7 34.
Rg2 Qe7 35. e5 d5 36. Nd6 Rxc2+ 37. Rxc2 Rxc2+ 38. Kb1 Qc7 39. Qxd4 Rxh2 40.
Rd2 Rh1+ 41. Rd1 Rh2 42. Rd2 Rh1+ 43. Ka2 Qc1 44. Qb2 Qc6 45. Nxf7 a4 46. Ng5+
Kh8 47. Rc2 Qb7 48. bxa4 Qe7 49. Qb8+ Bf8 50. Qb3 Rd1 51. Rb2 Rd4 52. Rc2 Rc4
53. Rd2 Qa7 54. Ne6 Bxa3 55. Kxa3 Qe7+ 56. Ka2 Qxe6 57. Qb8+ Kg7 58. Qa7+ Kh6
59. Qa8 Kg7 60. Qxd5 Qa6 61. Qd7+ Kh6 62. Rd4 Rc6 63. Ka3 Qb6 64. Rd3 Qc5+ 65.
Ka2 Qc2+ 66. Ka3 Qc1+ 67. Kb4 Qc5+ 68. Kb3 Rb6+ 69. Qb5 Rxb5+ 70. axb5 Qxb5+
0-1

[Event "BL 8788 Erlangen-Zähringen"]
[Site "?"]
[Date "1988.??.??"]
[Round "?.1"]
[White "Raupp, T."]
[Black "Unzicker, W."]
[Result "1/2-1/2"]
[WhiteElo "2300"]
[BlackElo "2465"]
[PlyCount "43"]
[EventDate "1988.??.??"]

1. c4 e5 2. Nc3 Nf6 3. Nf3 Nc6 4. e3 Bb4 5. Qc2 O-O 6. Nd5 Re8 7. Bd3 g6 8. a3
Bf8 9. O-O Bg7 10. Nxf6+ Bxf6 11. Be4 Bg7 12. b4 Ne7 13. Qb3 d6 14. Bb2 c6 15.
Bc2 Bg4 16. Bd1 h6 17. d3 Be6 18. Qc2 Qc7 19. Be2 Rad8 20. d4 Nf5 21. dxe5 dxe5
22. c5 1/2-1/2

[Event "BL 8788 Erlangen-Zähringen"]
[Site "?"]
[Date "1988.??.??"]
[Round "?.2"]
[White "Huenerkopf, H."]
[Black "Kiefer, G."]
[Result "1/2-1/2"]
[WhiteElo "2255"]
[BlackElo "2220"]
[PlyCount "51"]
[EventDate "1988.??.??"]

1. e4 c5 2. c3 d5 3. exd5 Qxd5 4. d4 e6 5. Nf3 Nf6 6. Nbd2 Nc6 7. Bc4 Qd6 8.
dxc5 Qxc5 9. Qe2 Be7 10. O-O O-O 11. Re1 Bd7 12. Nb3 Qh5 13. Nbd4 Nxd4 14. Nxd4
Qxe2 15. Rxe2 Rac8 16. Bb3 Bc5 17. Bg5 Bxd4 18. cxd4 Bc6 19. Bxf6 gxf6 20. f4
f5 21. Re5 Rfd8 22. Rd1 Rd6 23. Kf2 Rcd8 24. Ke3 Kf8 25. Rd2 Ke7 26. Rc5
1/2-1/2

[Event "BL 8788 Erlangen-Zähringen"]
[Site "?"]
[Date "1988.??.??"]
[Round "?.4"]
[White "Ramos, D."]
[Black "Herbrechtsmeier, C."]
[Result "1/2-1/2"]
[WhiteElo "2310"]
[BlackElo "2305"]
[PlyCount "25"]
[EventDate "1988.??.??"]

1. d4 Nf6 2. Nf3 d5 3. Bf4 e6 4. e3 Bd6 5. Ne5 Nbd7 6. Bd3 Nf8 7. O-O Ng6 8.
Bg3 O-O 9. Nd2 c5 10. c3 Qc7 11. f4 Bd7 12. Qf3 Be8 13. Bf2 1/2-1/2

[Event "BL 8788 Erlangen-Zähringen"]
[Site "?"]
[Date "1988.??.??"]
[Round "?.5"]
[White "Heim, B."]
[Black "Hartmann, W."]
[Result "0-1"]
[WhiteElo "2215"]
[BlackElo "2300"]
[PlyCount "98"]
[EventDate "1988.??.??"]

1. e4 c5 2. Nf3 d6 3. d4 cxd4 4. Nxd4 Nf6 5. Nc3 Nc6 6. Be2 e6 7. O-O Be7 8.
Be3 O-O 9. f4 e5 10. fxe5 dxe5 11. Nf5 Bxf5 12. Rxf5 Qa5 13. Rf1 Bc5 14. Bxc5
Qxc5+ 15. Kh1 Rad8 16. Qe1 Rd6 17. Bb5 Nd4 18. Ba4 b5 19. Bb3 a5 20. a4 b4 21.
Nd5 Nxb3 22. Ne7+ Kh8 23. cxb3 Rd4 24. Rxf6 Qxe7 25. Rf1 Rfd8 26. Qe2 f6 27.
Rfd1 Qe6 28. Rxd4 Rxd4 29. Rc1 Qd7 30. h3 h6 31. Qa6 Rd1+ 32. Rxd1 Qxd1+ 33.
Kh2 Qxb3 34. Qxa5 Qxb2 35. Qb6 b3 36. a5 Qa1 37. Qb8+ Kh7 38. Qc8 Qa2 39. Qf5+
Kh8 40. h4 Qd2 41. Qc8+ Kh7 42. Qf5+ Kg8 43. Kh3 Kf7 44. Qc8 Qe3+ 45. g3 Qxe4
46. Qc7+ Kg6 47. h5+ Kxh5 48. Qf7+ g6 49. Kh2 Qe2+ 0-1

[Event "BL 8788 Zähringen-Bamberg"]
[Site "?"]
[Date "1988.??.??"]
[Round "?.1"]
[White "Pfleger, H."]
[Black "Raupp, T."]
[Result "1/2-1/2"]
[WhiteElo "2485"]
[BlackElo "2300"]
[PlyCount "29"]
[EventDate "1988.??.??"]

1. c4 e6 2. Nf3 Nf6 3. g3 d5 4. Bg2 dxc4 5. Qa4+ Nbd7 6. Qxc4 a6 7. d4 b5 8.
Qc2 Bb7 9. O-O c5 10. dxc5 Bxc5 11. Nc3 Rc8 12. Qd3 O-O 13. Bg5 h6 14. Bxf6
Nxf6 15. Qxd8 1/2-1/2

[Event "BL 8788 Zähringen-Bamberg"]
[Site "?"]
[Date "1988.??.??"]
[Round "?.2"]
[White "Kiefer, G."]
[Black "Zysk, R."]
[Result "0-1"]
[WhiteElo "2220"]
[BlackElo "2400"]
[PlyCount "96"]
[EventDate "1988.??.??"]

1. e4 e6 2. d4 d5 3. Nc3 Bb4 4. e5 c5 5. a3 Bxc3+ 6. bxc3 Ne7 7. Nf3 Qa5 8. Bd2
Nbc6 9. Bd3 c4 10. Be2 Bd7 11. O-O f6 12. exf6 gxf6 13. Nh4 O-O-O 14. Bg4 Ng6
15. Nf3 h5 16. Bh3 h4 17. a4 Qc7 18. Qe2 Rde8 19. Qe3 e5 20. Bxd7+ Qxd7 21.
dxe5 fxe5 22. Qc5 h3 23. g3 Qf5 24. Ne1 e4 25. Rb1 Rhf8 26. a5 Qe6 27. Be3 Rf5
28. Bd4 Re7 29. Qb5 Nxd4 30. cxd4 Nh4 31. Qc5+ Kb8 32. a6 b6 33. Qa3 Nf3+ 34.
Nxf3 Rxf3 35. Qc1 Qf6 36. Qd2 Rf7 37. Rbe1 c3 38. Qe2 Qxd4 39. Rd1 Qc5 40. Rde1
Kc7 41. Rb1 Kc6 42. Rbd1 b5 43. Rb1 e3 44. fxe3 Rxe3 45. Rxb5 Rxf1+ 46. Kxf1
Qxb5 47. Qxb5+ Kxb5 48. Kf2 d4 0-1

[Event "BL 8788 Zähringen-Bamberg"]
[Site "?"]
[Date "1988.??.??"]
[Round "?.3"]
[White "Hartmann, G."]
[Black "Schuh, H."]
[Result "0-1"]
[WhiteElo "2330"]
[BlackElo "2320"]
[PlyCount "72"]
[EventDate "1988.??.??"]

1. e4 c5 2. Nf3 e6 3. d4 cxd4 4. Nxd4 Nf6 5. Nc3 d6 6. Bb5+ Bd7 7. Qe2 a6 8.
Bxd7+ Nbxd7 9. g4 h6 10. g5 hxg5 11. Bxg5 Rc8 12. f4 Rh3 13. O-O-O Rhxc3 14.
bxc3 Qa5 15. Kb1 d5 16. Bxf6 Nxf6 17. Nb3 Qxc3 18. exd5 Ba3 19. Qe5 Ne4 20. Rc1
f6 21. Qxc3 Nxc3+ 22. Ka1 Bxc1 23. Rxc1 Nxd5 24. f5 exf5 25. Nd4 f4 26. Nf5 Kf8
27. c4 Ne3 28. Nd6 Rc6 29. Nxb7 f3 30. Nd8 Rd6 31. Nb7 Rd1 32. Rxd1 Nxd1 33. c5
f2 34. c6 f1=Q 35. c7 Qc4 36. Nd8 Qc1# 0-1

[Event "BL 8788 Zähringen-Bamberg"]
[Site "?"]
[Date "1988.??.??"]
[Round "?.5"]
[White "Kurz, A."]
[Black "Heim, B."]
[Result "1-0"]
[WhiteElo "2305"]
[BlackElo "2215"]
[PlyCount "101"]
[EventDate "1988.??.??"]

1. d4 d5 2. c4 e6 3. Nc3 Be7 4. cxd5 exd5 5. Bf4 c6 6. e3 Bf5 7. g4 Bg6 8. h4
Bxh4 9. Qb3 b6 10. Nf3 Be7 11. Ne5 Nf6 12. O-O-O O-O 13. f3 b5 14. Nxg6 fxg6
15. Bd3 b4 16. Na4 Nbd7 17. Kb1 Qa5 18. Rc1 Rac8 19. e4 Nb6 20. Nxb6 Qxb6 21.
Be3 a5 22. e5 Nd7 23. f4 Rfd8 24. Rh2 Nf8 25. f5 c5 26. dxc5 Bxc5 27. Bxc5 Rxc5
28. Rch1 Rdc8 29. Bc2 Qc6 30. e6 Qd6 31. fxg6 Nxg6 32. Qh3 h6 33. Bxg6 a4 34.
g5 Qf4 35. Rc2 Qxg5 36. Bf7+ Kh8 37. Rxc5 Rxc5 38. Qd3 a3 39. Rd1 Qf6 40. Qd4
Qf5+ 41. Qd3 Qf6 42. Qd4 Qf5+ 43. Qd3 Qf6 44. bxa3 bxa3 45. Qd4 Qf5+ 46. Qd3
Rb5+ 47. Ka1 Qe5+ 48. Qd4 Qe2 49. Qd2 Qe5+ 50. Qd4 Qe2 51. Rg1 1-0

[Event "BL 8788 Zähringen-Bamberg"]
[Site "?"]
[Date "1988.??.??"]
[Round "?.6"]
[White "Fehling, M."]
[Black "Ruehrig, V."]
[Result "1/2-1/2"]
[WhiteElo "2245"]
[BlackElo "2360"]
[PlyCount "35"]
[EventDate "1988.??.??"]

1. d4 d5 2. c4 e6 3. Nc3 c5 4. cxd5 exd5 5. Nf3 Nc6 6. g3 Nf6 7. Bg2 Bg4 8. Bg5
Bxf3 9. Bxf3 Nxd4 10. Bxd5 Be7 11. Bxf6 Bxf6 12. e3 O-O 13. O-O Ne6 14. Qb3 Qe7
15. Rfd1 Rad8 16. Bg2 Bxc3 17. bxc3 b6 18. c4 1/2-1/2

[Event "BL 8788 Erlangen-Sindelfingen"]
[Site "?"]
[Date "1988.??.??"]
[Round "?.1"]
[White "Unzicker, W."]
[Black "Darga, K."]
[Result "1/2-1/2"]
[WhiteElo "2465"]
[BlackElo "2470"]
[PlyCount "67"]
[EventDate "1988.??.??"]

1. e4 c5 2. Nf3 e6 3. d4 cxd4 4. Nxd4 a6 5. c4 Nf6 6. Nc3 d6 7. Be2 Be7 8. O-O
O-O 9. Be3 Nc6 10. Rc1 Bd7 11. f3 Nxd4 12. Qxd4 Qa5 13. Qd2 Qc7 14. Rfd1 Rfc8
15. Bf1 Be8 16. Qf2 Nd7 17. b3 Qa5 18. Bd4 Qg5 19. Rc2 Nf6 20. Qd2 Qh5 21. Bb6
Bc6 22. Qf2 Nd7 23. Be3 Ne5 24. Be2 f5 25. f4 Ng4 26. Qg3 Qg6 27. exf5 exf5 28.
Nd5 Bh4 29. Qxh4 Bxd5 30. Bxg4 fxg4 31. f5 Qxf5 32. Qf2 Qxf2+ 33. Bxf2 Bc6 34.
Rxd6 1/2-1/2